LIBRARY ONLINE CATALOGUE

From convention to classroom : (Record no. 15504)

MARC details
000 -LEADER
fixed length control field 00484nam a22001692 4500
001 - CONTROL NUMBER
control field 0000024662
005 - DATE AND TIME OF LATEST TRANSACTION
control field 20151217161645.0
008 - FIXED-LENGTH DATA ELEMENTS--GENERAL INFORMATION
fixed length control field 140123s xx 000 0 eng d
040 ## - CATALOGING SOURCE
Original cataloging agency KABU
Transcribing agency KABU
100 1# - MAIN ENTRY--PERSONAL NAME
Personal name Nyabonyi, Winnie.
-- 0000185044
245 10 - TITLE STATEMENT
Title From convention to classroom :
Remainder of title realizing human rights education in Kenya /
Statement of responsibility, etc. Winnie Nyabonyi.
260 ## - PUBLICATION, DISTRIBUTION, ETC. (IMPRINT)
Date of publication, distribution, etc. 2013.
300 ## - PHYSICAL DESCRIPTION
Extent vii, 33 p.
908 ## - PUT COMMAND PARAMETER (RLIN)
Put command parameter 140123
950 ## - LOCAL HOLDINGS (RLIN)
-- 1
Holdings
Withdrawn status Lost status Source of classification or shelving scheme Not for loan Home library Current library Date acquired Total Checkouts Full call number Barcode Date last seen Price effective from Koha item type
    Library of Congress Classification   Kabarak, Main Campus Kabarak, Main Campus 17/12/2015   Law PRO17 12/10/2017 17/12/2015 Thesis, Dissertation and Projecs